00528nam a2200181 a 45000010010000000030011000100080041000210350026000620820012000881000015001002450028001152600052001436500014001959420012002099520090002219980020003119990015003310000-8545ELIB.Books110520 1989  a(ELIB.Books)0000-8690 aB bWhi aWhite, Mel aThe Untold Story Aquino bEngland: Word Publishing. Word (UK) Ltd. c1989 aBiography 2ddccBK 00102ddc4070aKBTSbKBTSd2011-05-20l0p2601r2022-01-22 00:00:00w2022-01-22yBK cbate2011-05-20 c8545d8545